Grandi della letteratura russa - Statistics

Statistiche generali
  • Questo quiz è stato fatto 140 volte
  • Il punteggio medio è 6 su 17
Statistiche sulle risposte
Opera Autore % Corretto
Guerra e pace Lev Nikolaevic Tolstoj
98%
L'idiota Fedor Michajlovic Dostoevskij
80%
Il maestro e Margherita Michail Afanasevic Bulgakov
69%
Lolita* Vladimir Vladimirovic Nabokov
68%
Il dottor Zivago Boris Leonidovic Pasternak
58%
Racconti di Pietroburgo Nikolai Vasilevic Gogol
51%
La figlia del capitano Aleksandr Sergeevic Puskin
45%
Padri e figli Ivan Sergeevic Turgenev
40%
Zio Vanja Anton Pavlovic Cechov
38%
Arcipelago Gulag Aleksandr Isaevic Solzenicyn
17%
La nuvola in calzoni Vladimir Vladimirovic Majakovskij
15%
La povera Lisa Nikolaj Michailovic Karamzin
11%
La fine dell'eternità* Isaac Asimov
10%
Ante Lucem Aleksandr Aleksandrovic Blok
7%
Bassifondi o L'albergo dei poveri Maskim Gorkij
7%
Satire Antioch Dmitrievic Kantemir
6%
Kassandra Vasilij Andreevic Zukovskij
2%
Nessun quiz corrispondente trovato
Distribuzione punteggi
Percentuale di utenti per punteggio
Percentile per numero di risposta
I tuoi punteggi nel tempo
Non hai fatto questo quiz